The christian soldier. (Record no. 1852)

000 -LEADER
fixed length control field 00646nam a2200205 a 4500
001 - CONTROL NUMBER
control field :::00018104$&:&@@
003 - CONTROL NUMBER IDENTIFIER
control field OkBaRHE
005 - DATE AND TIME OF LATEST TRANSACTION
control field 20100327130833.0
008 - FIXED-LENGTH DATA ELEMENTS--GENERAL INFORMATION
fixed length control field s1979 j 000 0 eng u
020 ## - INTERNATIONAL STANDARD BOOK NUMBER
International Standard Book Number 0851512720
040 ## - CATALOGING SOURCE
Transcribing agency
100 1# - MAIN ENTRY--PERSONAL NAME
Personal name Lloyd-Jones, David Martyn.
245 14 - TITLE STATEMENT
Title The christian soldier.
260 ## - PUBLICATION, DISTRIBUTION, ETC. (IMPRINT)
Place of publication, distribution, etc Grand Rapids, MI., :
Name of publisher, distributor, etc Baker Book House
Date of publication, distribution, etc 1979
300 ## - PHYSICAL DESCRIPTION
Extent v. (1-8) ;
Dimensions 23 cm.
650 ## - SUBJECT ADDED ENTRY--TOPICAL TERM
Topical term or geographic name as entry element Bible New Testament Ephesians I
General subdivision Sermons
650 ## - SUBJECT ADDED ENTRY--TOPICAL TERM
Topical term or geographic name as entry element Sermons
General subdivision English
942 ## - ADDED ENTRY ELEMENTS (KOHA)
Source of classification or shelving scheme
Koha item type Books
Copies
Koha item type Date acquired Source of classification or shelving scheme Copy number Collection code Date last seen Full call number Lost status Permanent Location Damaged status Withdrawn status Price effective from Not for loan Shelving location Barcode
Books2010-04-14 1Reference2018-04-03BS 2695.4 .L537 V.8 RHEMA Bible Training College  2010-04-14 General Stacks18104